|
|
|
|
| LEADER |
00000cam a2200000 a 4500 |
| 001 |
vtls011613068 |
| 003 |
SK-MaSNL |
| 005 |
20260301042537.0 |
| 008 |
210624s2012 ne odb f n 001 0 eng |
| 015 |
|
|
|a SNBZSA2017
|
| 020 |
|
|
|a 9789400724754
|q (viazané)
|
| 035 |
|
|
|a urn:nbn:sk:snk-am00djla
|
| 035 |
|
|
|a urn:nbn:sk:snk-am3i4b5
|
| 035 |
|
|
|a D3DDF356-812F-4A1D-B96B-F1F57B37A8AE
|
| 040 |
|
|
|a SNK
|b slo
|c SNK
|e AACR2
|
| 041 |
0 |
|
|a eng
|
| 044 |
|
|
|a ne
|c NL
|
| 072 |
|
7 |
|a 574
|x Všeobecná ekológia
|2 konspekt
|
| 072 |
|
7 |
|a 005
|x Manažment. Riadenie
|2 konspekt
|
| 080 |
|
|
|a 628.11
|2 2011
|
| 080 |
|
|
|a 574.4(23.0)
|2 2011
|
| 080 |
|
|
|a 005
|2 2011
|
| 080 |
|
|
|a (082)
|2 2011
|
| 245 |
0 |
0 |
|a Management of Mountain Watersheds
|c edited by Josef Křeček ... [et al.]
|
| 260 |
|
|
|a Dordrecht
|b Springer
|c 2012
|
| 300 |
|
|
|a 269 s.
|b fotografie, grafy, mapy, tabuľky
|c 25 cm
|
| 504 |
|
|
|a Bibliografické odkazy ; register
|
| 650 |
0 |
7 |
|a vodné zdroje
|2 SNKPH
|9 69165
|
| 650 |
0 |
7 |
|a horské ekosystémy
|2 SNKPH
|9 67318
|
| 650 |
0 |
7 |
|a Water catchment areas
|2 SNKPHeng
|9 329752
|
| 650 |
0 |
7 |
|a Mountain ecosystems
|2 SNKPHeng
|9 345951
|
| 650 |
0 |
7 |
|a manažment
|2 SNKPH
|9 922
|
| 650 |
0 |
7 |
|a Management
|2 SNKPHeng
|9 265406
|
| 655 |
|
7 |
|a zborníky
|2 SNKPH
|9 70165
|
| 655 |
|
7 |
|a Papers of several authors
|2 SNKPHeng
|9 153738
|
| 700 |
1 |
|
|a Krecek, Josef
|4 edt
|9 345952
|
| 700 |
1 |
|
|a Haigh, Martin J.,
|d 1950-
|4 edt
|9 232019
|
| 700 |
1 |
|
|a Hofer, Thomas
|4 edt
|9 345953
|
| 700 |
1 |
|
|a Kubin, Eero
|4 edt
|9 345954
|
| 919 |
|
|
|a 978-94-007-2475-4
|
| 958 |
|
|
|a NB
|
| 958 |
|
|
|a ZS
|
| 999 |
|
|
|c 591249
|d 593179
|
| 952 |
|
|
|a SNK
|b SNK
|y PREZ
|7 0
|p 17A1253631
|o snkSC 173197
|i snk2017/4951
|8 3
|g 85.80
|0 0
|1 0
|4 0
|d 2017-02-22
|f 1
|l 0
|r 2025-09-11 00:00:00
|w 2026-02-23
|